Online Catalogue and eLibrary

Two languages one nation, one language two nations : (Record no. 183)

MARC details
000 -LEADER
fixed length control field 00635cam a2200193 a 4500
001 - CONTROL NUMBER
control field 14343367
005 - DATE AND TIME OF LATEST TRANSACTION
control field 20240119003229.0
008 - FIXED-LENGTH DATA ELEMENTS--GENERAL INFORMATION
fixed length control field 060418s2005 ce 000 0 eng
020 ## - INTERNATIONAL STANDARD BOOK NUMBER
ISBN 9559150049
040 ## - CATALOGING SOURCE (பட்டியலாக்க மூலம்)
Original cataloging agency DLC
Transcribing agency DLC
082 ## - DDC Classification
DDC Edition Number 22
Class No. 305,7
245 10 - TITLE STATEMENT
Title Two languages one nation, one language two nations :
Remainder of title the Lanka Sama Samaja party on the state language /
Statement of responsibility, etc. [editors], Wesley Muthiah and Sydney Wanasinghe.
260 ## - PUBLICATION, DISTRIBUTION, ETC.
Place of publication, distribution, etc. Colombo :
Name of publisher, distributor, etc. Young Socialist Publication,
Date of publication, distribution, etc. 2005.
300 ## - PHYSICAL DESCRIPTION
Extent (e.g. Volumes, Pages etc.) xvi, 326 p. ;
650 #0 - SUBJECT ADDED ENTRY--TOPICAL TERM
Topical term or geographic name entry element Language and languages
700 1# - ADDED ENTRY--PERSONAL NAME
Personal name Muthiah, Wesley S.
Relator term (Role) Editor
700 1# - ADDED ENTRY--PERSONAL NAME
Personal name Wanasinghe, Sydney.
Relator term (Role) Editor
942 ## - Koha item type (Biblio)
Koha item type Books in Stacks (Lending)
Holdings
Lost status Damaged status Collection code Home library Current library Date acquired Full call number Accession Number Item type
    Lending WERC Library WERC Library 01/19/2024 305,7 6432 Books in Stacks (Lending)

© WERC Library